000 01054nam a2200313 a 4500
001 vtls001619598
003 NLI
005 20210628133934.0
008 121214s1968 ii 000 1 asm
020 _cRs. 3.00
039 9 _y201212141942
_zVLOAD
040 _aNLI
_basmeng
_cDatasoft_Assamese
_eAACR2
041 0 _aasm
044 _a ii
082 0 4 _a 891.493
100 0 _6880-01
_aআব্দুল মালিক
245 1 0 _6880-02
_aছয় নম্বৰ প্রশ্নৰ উত্তৰ /
_cআব্দুল মালিক
260 _aঅসম :
_bমিত্র পাবলিশিং,
_c1968
300 _aiv, 95 p. ;
_c22 cm.
650 0 _aAssamese fiction
_9678390
880 _6100-01(B
_aĀbdul Mālik
880 1 0 _6245-02(B
_aChay nambar praśnar uttar /
_cĀbdul Mālik
887 _a (Abhik Ghosh) Soumya
901 _a1781
_b02.08.1969
902 _aA 891.493 A 231 cha
904 _c(Abhik Ghosh) Soumya
_l8447
949 _AVIRTUAITEM
_D10000
_X100
_6DBA000001781ASM
942 _2ddc
_cBKS
999 _aVIRTUA40
_c1069329
_d1069329